000
00256 a2200085 4500
082
_a
620.1123 UNI
245
_a
UTM-5p : Hardware Reference /
260
_a
England :
_c
Wykeham Farrance International,
_b
2004
300
_a
variouse pages :
_b
ill. ;
_c
30cm
650
_a
universal testing machine
999
_c
1891
_d
1891